Statistiques concernant Deviens génial - Vald - Paroles

Cliquez ici pour prendre le quiz!

Statistiques générales

  • Ce quiz a été pris 14 fois
  • Le résultat moyen est 274 sur 413

Statistiques - réponses

Réponse% Correct
de
100%
Deviens
100%
deviens
100%
génial
100%
Le
100%
le
100%
à
93%
Tu
93%
tu
93%
es
86%
pas
86%
des
79%
la
79%
qui
79%
Si
79%
si
79%
ta
79%
te
79%
t'es
79%
un
79%
autres
71%
faire
71%
mais
71%
Ne
71%
ne
71%
pour
71%
Pour
71%
se
71%
bizarre
64%
comme
64%
encore
64%
Et
64%
et
64%
eux
64%
l'enfer
64%
Les
64%
les
64%
marrant
64%
n'sais
64%
Ou
64%
quand
64%
que
64%
Que
64%
t'attend
64%
uns
64%
Avec
57%
dans
57%
devenir
57%
fais
57%
Faut
57%
faut
57%
intelligent
57%
naturel
57%
Pourquoi
57%
regard
57%
rejet
57%
seulement
57%
t'aimera
57%
temps
57%
Une
57%
une
57%
vas
57%
ça
50%
chance
50%
commun
50%
copains
50%
danse
50%
d'travers
50%
du
50%
ennemi
50%
entre
50%
jour
50%
leur
50%
même
50%
Moi
50%
parler
50%
puissant
50%
quelqu'un
50%
regarder
50%
soit
50%
t'aimeraient-ils
50%
venir
50%
amer
43%
coin
43%
disposition
43%
Hein
43%
ils
43%
l'choix
43%
l'empêcheras
43%
moitié
43%
potins
43%
reste
43%
sois
43%
son
43%
suis
43%
tellement
43%
trouves
43%
vont-ils
43%
communs
36%
demanderont
36%
enfant
36%
ennemis
36%
Est-ce
36%
être
36%
Grandis
36%
grandis
36%
j'mérite
36%
juste
36%
l'argent
36%
l'unité
36%
peuvent
36%
plus
36%
qu'on
36%
rêve
36%
s'demander
36%
sexe
36%
S'ils
36%
t'as
36%
tête
36%
t'ouvre
36%
turc
36%
t'utiliser
36%
bébé
29%
bien
29%
coeur
29%
fais-les
29%
Fais-les
29%
fais-toi
29%
gimmicks
29%
gueule
29%
j'anticipe
29%
J't'en
29%
leurs
29%
l'niveau
29%
prie
29%
reprends
29%
rêver
29%
rigoler
29%
sans
29%
s'foutent
29%
trembler
29%
vite
29%
Y'a
29%
changer
21%
condition
21%
force-toi
21%
j'vais
21%
l'accueil
21%
Mets-toi
21%
qu'moi
21%
règles
21%
t'envier
21%
T'laisser
21%
toujours
21%
t'regarder
21%
ah
14%
beau
14%
Crois-pas
14%
l'abri
14%
qu'je
14%
seille
14%
valide
14%
comment
7%
fiston
7%
qu't'anticipes
7%

Distribution des résultats

Percentile par nombre de réponses

% des personnes avec chaque résultat

Votre développement - résultats

Vous n’avez pas pris ce quiz